Quizzes
Events
Quiz Creation
Community
Videos
Private Events
Remove Ads
Sign In
Join for FREE
Feedback
Dark Mode
Quiz Categories
Sports
Geography
Music
Movies
Television
Just For Fun
Miscellaneous
History
Literature
Language
Science
Gaming
Entertainment
Religion
Holiday
For Kids
Quiz Lab
Recent
Popular Today
Quiz Kudos Today
Editor Picks
Curator Picks
Quizzes by...
Day
Popularity
Type
Ratings
Length
Year
Community
Subscriptions
Recent Discussions
Orange Saloon
Badges
Playlists
Quests
Create
Leaderboards
Showdown
Live 5
Trivia Bingo
Activity
Puzzle Library
Sporcle Events
Private Events
Virtual Trivia
Globe League
Become a Host
Pub Owners
SporcleCon
Opinionation
Our Games
Videos
Blog
Mobile Apps
Partnerships
Remove Ads and Go Orange
Feedback
Television
TV Characters
TV Show
Sitcom
Network
Friends
Reality Shows
Cast
South Park
Star Trek
The Simpsons
Doctor Who
Television
TV Characters
TV Show
Sitcom
Network
Friends
Reality Shows
Cast
South Park
Star Trek
The Simpsons
Doctor Who
Random Quiz
Search Sporcle
×
Quiz Lab
Quiz Lab
Television
Naruto
Type in answers that appear in a list
Type in answers that appear in a list
Classic
Best Score? Go Orange.
Naruto characters Stats
Can you name the Naruto characters?
By
Grimlin12
5m
18 Questions
825 Plays
825 Plays
825 Plays
Comments
Comments
Give Quiz Kudos
Give Quiz Kudos
-
- Ratings
hide this ad
Replay
Link that replays current quiz
Next Quiz
Link to next quiz in quiz playlist
You Got
0%
They Got
Avg Score
91%
Avg Friend Score
Upgrade to see
Score Distribution
Jump to the score distribution portion of the page
Score
0/18
Timer
05:00
0
Plays Today
hint
answer
% Correct
The main character
Naruto
99.4%
The current Kazekage
Gaara
97.1%
One of the only surviving member of the Uchiha Clan
Sasuke
96.8%
The most talented Hyuga clan member
Neji
96.5%
One of the lengendary sainin
Tsunade
95.9%
The evil one of the Sannin
Orochimaru
94.9%
The copy ninja
Kakashi
94.5%
Not very committed but IQ over 200
Shikamaru
93.7%
One of the lengendary sannin
Jiraiya
93.5%
hint
answer
% Correct
Skilled as a Medical ninja thanks tot eh Hokage
Sakura
93.1%
Silent but very talented ninja
Shino
92.8%
Duos with his dog
Kiba
92.6%
The kazekage's Brother
Kankuro
92.5%
Represents his clan by eating
Choji
92.4%
Rejected by his other talents he masters in Taijutsu
Rock Lee
91.9%
Legendary Puppet ninja
Sasori
91.6%
Fatal Jutsu that helped capture the Kazekage
Deidara
79.9%
Master of the Akatsuki
Itachi
64.6%
Quiz Playlist
Details
Report
Send in Message
Add To Playlist
Classic:
Type in answers that appear in a list
Last Updated: Feb 16, 2017
Quiz Scoreboard
CHALLENGE
Sign Up to Join the Scoreboard
Show All
Scores
Hide
Comments
May contain spoilers
Recently Published
College Basketball Coaching Resumes
by pancakes188
Sports
9m
Billboard Blitz: Fleetwood Mac
by CooCooCachoo
Music
15s
Presidents Visiting Landmarks
by Hejman
History
7m
More to Explore
Quiz From the Vault
Featured Blog Post
Where Did the Easter Bunny Come From?
hide this ad
You Might Also Like...
Tags
Character
Extra
Naruto
Today's Top Quizzes in Television
Browse Television
hide this ad
Today's Top Quizzes in Naruto
Browse Naruto
Top Contributed Quizzes in Television
1
5-to-1: The Simpsons Families
2
5-to-1: Television Doctors
3
7-to-1: TV Show Settings
4
5-to-1: Streaming Originals
5
One Piece Logic Puzzle
6
Survivor Seasons
7
Survivor Logic Puzzle: Heroes vs. Villains
8
All US Survivor Seasons in Order
9
TV Shows by First Names
10
Survivor Season by Logo
Explore More
Trending Topics
Disney
Kpop
NBA
Anime
Crossword
Harry Potter
Marvel
Puzzle
Soccer
Song
Country
WWE
Pokémon
The Office
NFL
hide this ad
More By:
Grimlin12
Quiz
Plays
Rating
Category
Featured
Created
Naruto characters
825
5.00
Television
Nov 19, 2009
Go to Creator's Profile
Score Distribution
Quiz Creator Spotlight
Grimlin12
Follow
Send a Message
Quizzes Created
-
Created Quiz Play Count
-
More By This Creator
Popular Quizzes Today
1
Find the US States - No Outlines Minefield
2
Find the Countries of Europe - No Outlines Minefield
3
The Countries of the World
4
Find the US States
5
Risky Map Clicking: Biggest States A-Z
6
US States
7
Popular People in 1961
8
Movies - When Are They Set?
More Television Quizzes
Total Drama: Who's Dating Who?
Quiz Lab
Trending Quizzes
Risky Map Clicking: Least Populous States A-Z
1-10 Letter G Words
1-10 Letter F Words
Risky Map Clicking: Next State Alphabetically
Click the Washington State Counties! (Map)
Recently Updated
Leaping Animals
pecheneg
Reality TV Shows (A-Z)
bhenderson79
Rickey Henderson's Hall of Fame Teammates
pecheneg
Champions League XIs: Arsenal
pecheneg
Quick Pick: Celebrities in WWE's Hall of Fame
aduchscher
A-Z Keypad Blitz II
pecheneg
Multiple Oscar Actors
pecheneg
Mystery Phrase Blitz: Oscar 'Best Actors'
pecheneg
F. Scott Fitzgerald Novels
LTH
Pick 3 Villains
ddd62291
Trending Topics
Harry Potter
Disney
Crossword
Anime
Marvel
NBA
Kpop
Song
NFL
WWE
Puzzle
Pokémon
The Office
Soccer
Country
Your Account Isn't Verified!
In order to create a playlist on Sporcle, you need to verify the email address you used during registration. Go to your
Sporcle Settings
to finish the process.
Report this User
Report this user for behavior that violates our
Community Guidelines
.
Details:
Send Report
Go to the Sporcle.com Mobile Site →
Comments